Normal view
MARC view
- تأليف روس، مالكوس ؛ ترجمة عبد الواحد محمد ؛ مراجعة وتقديم محسن الموسوي
Entry Personal Name
001 - CONTROL NUMBER
- control field: 35926
003 - CONTROL NUMBER IDENTIFIER
- control field: JO-AjAnu
005 - DATE AND TIME OF LATEST TRANSACTION
- control field: 20230606080013.0
008 - FIXED-LENGTH DATA ELEMENTS
- fixed length control field: 230606|| aca||aabn | a|a d
040 ## - CATALOGING SOURCE
- Original cataloging agency: JO-AjAnu
- Transcribing agency: JO-AjAnu
100 ## - HEADING--PERSONAL NAME
- Personal name: تأليف روس، مالكوس ؛ ترجمة عبد الواحد محمد ؛ مراجعة وتقديم محسن الموسوي
670 ## - SOURCE DATA FOUND
- Source citation: Work cat.: (JO-AjAnu)18446: تأليف روس، مالكوس ؛ ترجمة عبد الواحد محمد ؛ مراجعة وتقديم محسن الموسوي, author, الخلاصة العصية لتقاليدنا: تأملات في الأدب الكندي